Catálogo
 En Linea

Plan estratégico de desarrollo de la provincia La Vega : (Registro nro. 20078)

Detalles MARC
000 -CABECERA
campo de control de longitud fija 01858nam a2200301 i 4500
001 - NÚMERO DE CONTROL
campo de control 000020574
003 - IDENTIFICADOR DEL NÚMERO DE CONTROL
campo de control DO-SdBNP
005 - FECHA Y HORA DE LA ÚLTIMA TRANSACCIÓN
campo de control 20240315194914.0
007 - CAMPO FIJO DE DESCRIPCIÓN FÍSICA--INFORMACIÓN GENERAL
campo de control de longitud fija ta
008 - DATOS DE LONGITUD FIJA--INFORMACIÓN GENERAL
campo de control de longitud fija 100810s2014 dr a r 000 0 spa d
040 ## - FUENTE DE LA CATALOGACIÓN
Centro catalogador/agencia de origen DO-SdBNP
Lengua de catalogación spa
Centro/agencia transcriptor BNPHU
Normas de descripción rda
082 #4 - NÚMERO DE LA CLASIFICACIÓN DECIMAL DEWEY
Número de documento/Ítem C755p
Número de edición 22
110 1# - ENTRADA PRINCIPAL--NOMBRE DE ENTIDAD CORPORATIVA
Nombre de entidad corporativa o nombre de jurisdicción como elemento de entrada Consejo de Desarrollo de la Provincia de La Vega (República Dominicana)
9 (RLIN) 43298
245 10 - MENCIÓN DE TÍTULO
Título Plan estratégico de desarrollo de la provincia La Vega :
Resto del título PEVEGA /
Mención de responsabilidad, etc. prólogo, Juan Temístocles Montás ; presentación, Andrés Rodríguez Céspedes.
264 ## - PRODUCCIÓN, PUBLICACIÓN, DISTRIBUCIÓN, FABRICACIÓN Y COPYRIGHT
Producción, publicación, distribución, fabricación y copyright Santo Domingo :
Nombre del de productor, editor, distribuidor, fabricante PEVEGA,
Fecha de producción, publicación, distribución, fabricación o copyright 2014.
300 ## - DESCRIPCIÓN FÍSICA
Extensión 326 páginas :
Otras características físicas ilustraciones ;
Dimensiones 23 cm.
336 ## - TIPO DE CONTENIDO
Fuente rdacontent
Término de tipo de contenido texto
Código de tipo de contenido txt
337 ## - TIPO DE MEDIO
Fuente rdamedia
Nombre/término del tipo de medio sin mediación
Código del tipo de medio n
338 ## - TIPO DE SOPORTE
Fuente rdacarrier
Nombre/término del tipo de soporte volumen
Código del tipo de soporte nc
504 ## - NOTA DE BIBLIOGRAFÍA, ETC.
Nota de bibliografía, etc. Bibliografía : p. 323-326
505 0# - NOTA DE CONTENIDO CON FORMATO
Nota de contenido con formato Glosario -- prólogo -- presentación -- Autoridades Provincia La Vega -- Consejo de Desarrollo Provincia La Vega -- Caracterización de la provincia La Vega -- Visión del plan estratégico de desarrollo provincia La Vega -- Objetivos del plan estratégico de desarrollo Provincia La Vega -- Estrategias del plan estratégico de desarrollo -- Ejes transversales del plan estratégico de desarrollo provincia La Vega -- Finalidades del plan estratégico de desarrollo Provincia La Vega -- Ámbito uso de suelo, sostenibilidad ambiental y cambio climático -- Ámbito economía integralidad y competitividad -- Ámbito inclusión social, igualdad de derechos y oportunidades --Ámbito gobernanza y desarrollo ciudadano --
590 ## - NOTA LOCAL (RLIN)
Nota local Inventariado, 2020 /LP
700 1# - PUNTO DE ACCESO ADICIONAL--NOMBRE DE PERSONA
Nombre de persona Rodríguez Céspedes, Andrés,
Término indicativo de función/relación presentación
9 (RLIN) 43299
700 1# - PUNTO DE ACCESO ADICIONAL--NOMBRE DE PERSONA
Nombre de persona Montás, Juan Temístocles
Fechas asociadas al nombre 1950-
Término indicativo de función/relación prólogo
9 (RLIN) 79676
710 2# - PUNTO DE ACCESO ADICIONAL--NOMBRE DE ENTIDAD CORPORATIVA
Nombre de entidad corporativa o nombre de jurisdicción como elemento de entrada Consejo de Desarrollo de la Provincia de La Vega (República Dominicana)
9 (RLIN) 43298
910 ## - DATOS DE OPCIÓN DEL USUARIO (OCLC)
Datos de opción del usuario Btavárez
942 ## - ELEMENTOS DE PUNTO DE ACCESO ADICIONAL (KOHA)
Fuente del sistema de clasificación o colocación Dewey Decimal Classification
Tipo de ítem Koha Libro
Existencias
Estado de retiro Estado de pérdida Fuente del sistema de clasificación o colocación Restricciones de uso No para préstamo Código de colección Localización permanente Ubicación/localización actual Ubicación en estantería Fecha de adquisición Total de préstamos Signatura topográfica completa Código de barras Fecha visto por última vez Precio válido a partir de Tipo de ítem Koha
    Dewey Decimal Classification Excluido de préstamo   Patrimonio Dominicano Biblioteca Nacional Pedro Henríquez Ureña Biblioteca Nacional Pedro Henríquez Ureña Depósito 10.03.2020   BNPHU PD C755p 20574-10 25.06.2020 25.06.2020 Libro

Con tecnología Koha